[Event "Zug Young Masters"]
[Site "Zug"]
[Date "2001.10.15"]
[Round "7"]
[White "Medvegy, Zoltan"]
[Black "Moor, Olivier"]
[Result "0-1"]
[WhiteElo "2430"]
[BlackElo "2357"]
[Annotator "Finkel,A"]
[PlyCount "82"]
[EventDate "2001.10.09"]
[EventType "tourn"]
[EventRounds "11"]
[EventCountry "SUI"]
[EventCategory "9"]
[SourceTitle "CBM 086"]
[Source "ChessBase"]
[SourceDate "2002.02.05"]
[SourceVersion "1"]
[SourceVersionDate "2002.02.05"]
[SourceQuality "1"]

1. e4 e6 2. d4 d5 3. Nc3 Nf6 4. Bg5 Bb4 5. e5 h6 6. Bd2 Bxc3 7. bxc3 Ne4 8. Qg4
g6 {Mak-Katchon variation leads to extrmly complicated struggle with mutual
chanses, which is usually not so bad for black!} (8... Kf8) 9. Bd3 Nxd2 10.
Kxd2 c5 11. Nf3 (11. Qf4 cxd4 (11... Nc6 12. Nf3 Bd7 13. h4 Qe7 14. h5 g5 15.
Qf6 $1 $16 {Kovalev-Vaisser (Paris 1991)}) 12. cxd4 Qa5+ 13. Ke3 b6 14. Ne2 Nd7
15. Rhe1 Ba6 $11 {Petruchin-Piskov (Russland 1992)}) 11... Bd7 (11... Nc6) (
11... cxd4 12. cxd4 Qa5+ 13. c3 Nd7 14. Bxg6 $5 fxg6 15. Qxe6+ Kd8 16. Qxg6 Qb6
17. Qc2 $13 {Schulz,R-Goebel,W/RLNS 1991 (41)}) (11... b6 12. h4 Qe7 13. Rhb1
Bd7 14. a4 Nc6 15. Qf4 Rc8 16. g4 Kd8 $132 {Elssauid,A-Teo Kok Siong/Novi Sad
olm 1990}) (11... Qe7 12. Rhb1 Nc6 13. a4 c4 14. Be2 b6 15. h4 Bd7 16. Qf4
O-O-O $13 {Pedzich,D-Daly,C/Cappelle op 1995}) (11... c4 $6 12. Be2 Bd7 13. h4
Nc6 14. Qf4 Qe7 15. Nh2 h5 16. Nf3 $14 {Shtyrenkov,V-Romanov,O/Pardubice op
1995}) (11... Qa5 12. a4 Nc6 13. Qf4 Bd7 14. dxc5 Qxc5 15. Nd4 Nxd4 16. Qxd4
Rc8 17. Rhb1 $14 {Hallebeek,F-Zueger,B/Lugano op 1989}) 12. Qf4 (12. Rab1 $6 c4
13. Be2 Bc6 14. h4 Nd7 15. Nh2 Qe7 16. Qf4 f5 $1 $132 {Toth,A-Hoang Thanh
Trang/FSGM Feb 1999}) (12. h4 c4 13. Be2 Bc6 14. Ng1 Nd7 15. f4 Rg8 16. h5 f5
17. Qg3 g5 $13 {Keitlinghaus,L-Glek,I/NRW-Cup Masters op 1997}) 12... Bc6 (
12... c4 13. Be2 Bc6 14. h4 Nd7 15. Nh2 Qe7 (15... f5 $6 16. exf6 Nxf6 17. Bf3
Qe7 18. Ng4 Nxg4 19. Qxg4 Qf6 20. Rae1 $14 {Martin Gonzalez,A-Garcia Gomez,P/
ESP-ch 1994}) 16. Ng4 O-O-O 17. Nxh6 Rdf8 18. Qg5 f6 19. exf6 Nxf6 20. Bf3 Qg7
$132 {Pedersen,N-Nielsen,U/Aarhus-ch 1996}) 13. Rhb1 (13. h4 Nd7 14. Rh3 $6 (
14. dxc5) (14. Nh2 Qc7 (14... cxd4 15. cxd4 Qa5+ 16. Ke3 O-O-O 17. Qxf7 $16 {
Vinck,M-Groffen,H/HZ Open 1999}) 15. Ng4 f5 16. Nxh6 Nb6 17. h5 gxh5 18. Qg5 $1
$16 {Loskutov,O-Shliahtin,I/RUS-chT 1995}) (14. Rhe1 $6 Qe7 15. a4 $2 c4 16.
Be2 a5 $1 {[%csl Ra4]} 17. Ra2 (17. Nh2 $5 Nb6 $6 (17... g5 18. Qe3) 18. Reb1
Nxa4 19. Ng4 h5 20. Nf6+ Kd8 21. Qg5 b5 22. f3 Nb6 23. g4 hxg4 24. fxg4 $15)
17... O-O-O $15 {Degraeve,J-Gurevich,M/Festival comtois 3rd 1998}) 14... Qe7 (
14... c4) 15. dxc5 O-O-O 16. Nd4 Nxc5 $1 17. Rb1 (17. Rf3 Rd7 18. Qf6 Qxf6 19.
Rxf6 h5 20. f3 Re7 21. Re1 Rc7 $132 {Lindberg,B-Nielsen,P/Politiken Cup 1998})
17... Qc7 18. Qf6 $6 {/\ f2-f4, h4-h5} Rhf8 19. f4 Ne4+ $1 20. Bxe4 dxe4 $36 {
Spraggett,K-Glek,I/Cappelle la Grande op 1998}) (13. dxc5 Nd7 14. h4 Qe7 15.
Nd4 Nxc5 16. f3 Bd7 17. a4 a6 18. a5 Rc8 $13 {Olivier,J-Sharif,M/Lyon op 1995})
13... c4 {Closing the center is very logical in this position.} 14. Be2 Nd7 15.
h4 Qe7 16. Nh2 (16. g4 O-O-O 17. g5 h5 $6 18. a4 a5 19. Ke1 Kc7 20. Qc1 Ra8 21.
Qa3 Qxa3 $13 {Hunt,A-Lalic,B/Port Erin 1999}) 16... O-O-O (16... g5 17. hxg5
hxg5 18. Qg3 f6 19. exf6 Nxf6 20. Bf3 Rh4 21. Re1 g4 $13 {Bakre,T-Naiditsch,A/
Paks 1998/EXT 99}) 17. Ng4 Rdf8 $1 {This move is the novelty and it's quiet an
improvment comparing to black's play in previous encounters:} (17... g5 $6 18.
hxg5 hxg5 19. Qe3 Rh7 20. Bf3 Rdh8 21. Re1 Kb8 22. g3 $14 {Nataf,I-Chaudagne,C/
Clichy 1997/EXT 99}) 18. Nf6 {The only way to stop black from playing f5.} (18.
Nxh6 $2 f6 19. exf6 Nxf6 20. Qe3 Ne4+ 21. Ke1 Rxf2 $17) (18. g3 $6 g5 19. hxg5
hxg5 20. Qe3 f5 21. exf6 Nxf6 22. Nxf6 Qxf6 $15) 18... Nxf6 19. exf6 Qa3 $13
20. Rb4 $6 {Rook has nothing to do on b4. White should try to open king side
in order to get counterplay, because black's plan is very simple.} (20. Qe3 Kd7
21. g4 Rb8 22. f4 $13 {[%cal Gf4f5]}) 20... Rd8 21. Qe5 Kd7 22. f4 $6 (22. g4
$1 {[%cal Gf2f5]}) 22... h5 $1 {Closing kingside.} 23. Qe3 b5 24. Rbb1 a5 $15
25. Rh1 {[%cal Gg2g4]} Rb8 26. g4 $6 {Too late for the counterplay, white just
creates to himself additional weakness.} (26. g3 $5 b4 27. Rhc1 Rb6 28. Bf3
Rhb8 29. Be2 $15) 26... hxg4 27. Bxg4 b4 28. cxb4 Qxe3+ 29. Kxe3 axb4 {[%csl
Ra2,Rh4]} 30. Rab1 Kd6 31. Kd2 Rb7 $17 {[%cal Gh8a8]} 32. a3 $6 (32. c3 bxc3+
33. Kxc3 Rxb1 34. Rxb1 Rxh4 $19) 32... bxa3 33. Rxb7 Bxb7 34. Kc1 Bc6 35. Kb1
Rb8+ 36. Ka1 Ba4 $17 37. h5 (37. Rc1 Rh8 $19) 37... gxh5 38. Bxh5 Rh8 {[%cal
Gh8h1]} 39. c3 Rh6 40. Ka2 Bc2 41. Kxa3 Bg6 (41... Bg6 42. Bf3 Rxh1 43. Bxh1
Be4 44. Bxe4 dxe4 45. Kb2 e3 46. Kc2 Kd5 47. Kd1 Ke4 $19) 0-1

[Event "Santo Antonio 4th"]
[Site "Santo Antonio"]
[Date "2001.05.21"]
[Round "3"]
[White "Chandler, Murray G"]
[Black "Fernandes, Antonio ETG"]
[Result "1-0"]
[WhiteElo "2529"]
[BlackElo "2465"]
[Annotator "Finkel,A"]
[PlyCount "55"]
[EventDate "2001.05.19"]
[EventType "tourn"]
[EventRounds "9"]
[EventCountry "POR"]
[EventCategory "9"]
[SourceTitle "CBM 084"]
[Source "ChessBase"]
[SourceDate "2001.09.13"]
[SourceVersion "1"]
[SourceVersionDate "2001.09.13"]
[SourceQuality "1"]

1. e4 e6 2. d4 d5 3. Nc3 Nf6 4. Bg5 Bb4 {Knaak: Die Mac Cutcheon Variante gilt
als nicht ganz vollwertig für Schwarz, aber die Ergebnisse sprechen eine
andere Sprache.} 5. e5 h6 6. Bd2 Bxc3 7. bxc3 Ne4 8. Qg4 g6 9. Bd3 Nxd2 10.
Kxd2 c5 11. h4 Qa5 (11... Nc6 12. Rh3 $2 (12. Qf4 $5) (12. Nf3 Qc7 $5 $13 (
12... cxd4 $5 13. cxd4 Bd7 $13)) 12... cxd4 13. cxd4 Qb6 14. Nf3 (14. Ne2 Qb4+
15. Kd1 Nxe5 $17) 14... Bd7 15. Rhh1 $15) 12. Nf3 {'!' Knaak.} (12. Rh3 cxd4
13. Bxg6 Qc7 14. Rf3 $13 {Euwe-Maroczy/Haag/1921}) (12. h5 g5 13. f4 cxd4 14.
Nf3 $2 (14. Ke2 $13) 14... dxc3+ $19 {Seirawan-Makarycev/Reykjavik op/1990})
12... Nc6 13. Qf4 {Knaak: Deckt e5, so daß Weiß auf d4 stets mit dem Springer
wiedernehmen kann.} b6 (13... cxd4 14. Nxd4 Nxd4 15. Qxd4 Bd7 16. Rhb1 $14 (16.
Rab1 b6 17. Qb4 Qxb4 18. cxb4 a6 19. Rhc1 (19. c4 dxc4 20. Bxc4 Bb5 21. Rbc1
O-O 22. Kc3 Rac8 23. Kb3 $11 {Tomczak,R-Dokhoian,Y/Germany 1991/GER-chT}) 19...
Bb5 20. c4 dxc4 21. Bxc4 O-O 22. Ke3 Rfd8 $11 {Brunner,L-Glek,I/Germany 1991/
GER-chT}) (16. Rhb1 {N} Bc6 (16... b6 $2 17. a4 Qc5 18. Qxc5 bxc5 19. Rb7 $16)
17. Rb4 O-O-O 18. Rab1 Rd7 19. a4 Kb8 20. f3 Rc8 21. Ke2 Qd8 22. Kf2 $14 {
Hebden,M-Vaisser,A/Bern 1992/CBM 28})) 14. a4 (14. h5 gxh5 (14... cxd4 15. hxg6
Qxc3+ 16. Ke2 fxg6 17. Qf6 Rf8 18. Qxg6+ Kd8 19. Qxh6 Rf7 20. Qg6 $14 {Fiedler,
B-Hergott,D/CAN 1992/EXT 99}) 15. Rxh5 Ba6 16. Qf6 (16. Bxa6 Qxa6 17. Rxh6 Rxh6
18. Qxh6 O-O-O 19. Qe3 Qa3 20. Qd3 Na5 $11 {Kovalev,A-Glek,I/BL 9394}) 16...
Rf8 17. Bxa6 Qxa6 18. Rxh6 cxd4 19. Nxd4 $6 Nxd4 20. cxd4 Rc8 $15 {Sulskis,
S-Savchenko,S/Minsk 1996/CBM 54/[Knaak] Trotz des Minusbauern hat Schwarz ein
wenig bessere Aussichten. Sein eigener König ist vorerst sicher und das Spiel
gegen den weißen König wird wenigstens den Pa2 einbringen. Allerdings ist die
Remisbreite noch nicht überschritten.}) 14... Ba6 15. Rhb1 Bxd3 16. cxd3 a6 (
16... cxd4 17. Nxd4 Nxd4 18. Qxd4 $14) 17. dxc5 Qxc5 18. d4 Qc4 $2 {So far
everything was a theory and only the last move of black is the new one,
however very dubious one: white gets a pawn and an initiative as well!} (18...
Qa5 19. Kd3 Rc8 20. Qc1 g5 21. Qb2 gxh4 22. Qxb6 Kd7 23. Qxa5 Nxa5 24. Rb6 $14
{Aseev,K-Piskov,Y/Berlin 1990/EXT 97}) 19. Qf6 $1 (19. Rxb6 Rc8 20. Ra3 Qf1 $13
) 19... Rh7 (19... Rf8 20. Rxb6 Rc8 21. Rb7 $16) 20. Rxb6 Kf8 21. Rab1 $16 {
[%csl Rh7][%cal Gd2e1,Ge1f1]} Rc8 22. Ke1 $1 (22. Ne1 Na5 23. Rb8 (23. Qf3 Qa2+
24. Kd1 Nc4 $17 {[%cal Gc4b6,Gc4d2]}) 23... Qxc3+ 24. Ke2 Qc4+ 25. Kf3 Qc3+ 26.
Kg4 Qxd4+ 27. f4 Qc5 $132) 22... Kg8 (22... Qxc3+ 23. Kf1 Nxd4 24. Nxd4 Qxd4
25. Kg1 Qxa4 26. Rxe6 $16 {[%cal Gb1b7]}) 23. R1b3 Na5 24. Nd2 Qc7 (24... Qxa4
25. Rxa6 $1 {[%cal Ga6a4]} (25. Rb8 Qe8 26. Rxc8 Qxc8 27. Ra3 $16) 25... Qa1+
26. Ke2 Nxb3 27. Rxa1 Nxa1 28. Kd3 $16 {[%csl Ra1]}) 25. Rb1 Nc4 $6 {It was
better to play} (25... Qxc3 {restoring the material balance, although even in
this case white is much better.} 26. Rb8 h5 {[%cal Gh7g7,Gg8h7,Gg7g8]} 27. Qe7
Rh8 $16) 26. Rb7 Qc6 27. Rb8 $18 Rg7 $2 28. Qd8+ $1 {[%csl Rg8]} (28. Qd8+ Rxd8
29. Rxd8+ Kh7 30. Rbb8 g5 31. h5 $18) 1-0

[Event "EU-chT (Men) 13th"]
[Site "Leon"]
[Date "2001.11.06"]
[Round "1.4"]
[White "Volokitin, Andrei"]
[Black "Jacimovic, Dragoljub"]
[Result "1-0"]
[WhiteElo "2566"]
[BlackElo "2486"]
[Annotator "Finkel,A"]
[PlyCount "89"]
[EventDate "2001.11.06"]
[EventType "team-swiss"]
[EventRounds "9"]
[EventCountry "ESP"]
[SourceTitle "CBM 086"]
[Source "ChessBase"]
[SourceDate "2002.02.05"]
[SourceVersion "1"]
[SourceVersionDate "2002.02.05"]
[SourceQuality "1"]
[WhiteTeam "Ukraine"]
[BlackTeam "Macedonia"]
[WhiteTeamCountry "UKR"]
[BlackTeamCountry "MKD"]

1. e4 e6 2. d4 d5 3. Nc3 Nf6 4. Bg5 Bb4 5. e5 h6 6. Bd2 Bxc3 7. bxc3 Ne4 8. Qg4
g6 9. Bd3 Nxd2 10. Kxd2 c5 11. h4 Bd7 (11... Nc6 12. Qf4 Qa5 13. h5 gxh5 14.
Nf3 b6 15. Rxh5 Ba6 16. Bxa6 Qxa6 17. Qf6 Rf8 $13 {Fercec,N-Glek,I/Open 1998})
12. h5 $5 {In this game black didn't manage to solve opening problems and very
soon found himself in very difficult position.} g5 13. f4 c4 (13... Nc6 14.
fxg5 Qxg5+ $5 (14... Qa5 15. dxc5 (15. Nf3 O-O-O 16. g6 cxd4 17. Ke2 dxc3 (
17... Qxc3 18. gxf7 Rdf8 19. Qf4 Nd8 20. Qxd4 Qxd4 21. Nxd4 $14 {Gaponenko,
I-Grabuzova,T/Timisoara-W 1994}) 18. Qf4 d4 19. g7 Rhe8 20. Kf2 Rg8 21. Qf6 Qc5
22. Rae1 Nb4 $17 {Koch,J-Goldgewicht,L/Cannes Martinez 1995}) 15... d4 16. Nf3
O-O-O 17. Ke2 Qxc3 18. Qf4 hxg5 19. Nxg5 Qxc5 20. Nf3 f5 21. Rh4 Rhg8 $132 {
Olivier,J-Goldgewicht,L/Cannes Masters 1995}) 15. Qxg5 hxg5 16. Ke3 g4 $5 {
[%csl Rg1]} 17. Rf1 Ke7 18. Rh4 Rag8 19. Rb1 $6 (19. Be2) 19... b6 20. Be2
cxd4+ 21. cxd4 f5 $1 $11 {Leko,P-Short,N/Batumi 1999/CBM 74}) 14. Be2 Bc6 $2 {
This move can be classified as decisive mistake, since from now on black
fights for a draw, but without real chanses to succied in his fight!} (14... f5
$5 15. exf6 e5 16. Qf3 e4 17. Qe3 Qxf6 18. fxg5 Qxg5 19. Qxg5 hxg5 20. g4 Nc6
$132 {Gamer,T-Hengl,C/Schwarzach 1998/EXT 2000}) 15. fxg5 Qxg5+ 16. Qxg5 hxg5
17. Nh3 Nd7 (17... Rg8 18. h6 Nd7 19. h7 Rh8 20. Nxg5 Ke7 21. Rh6 $18) 18. Nxg5
$16 Ke7 19. g4 $5 (19. Rag1 f6 20. Nf3 (20. exf6+ $6 Nxf6 21. g4 Rag8 22. Nh3
Ne4+ 23. Ke3 Nxc3 24. Nf4 e5 $1 $132) 20... fxe5 21. dxe5 Nc5 22. g4 Ne4+ 23.
Ke3 Nxc3 24. Nd4 $16) 19... f6 20. Nf3 fxe5 21. Nxe5 Nxe5 22. dxe5 Rhg8 {
[%csl Re5][%cal Gg8g5]} 23. Ke3 $1 {The most convincing way to victory.} (23.
Bf3 Rg5 24. Rae1 Rf8 25. Rh3 Kf7 26. Bd1 Kg7 27. Rf3 Rxf3 28. Bxf3 Kh6 29. Re2
$16) 23... d4+ (23... Raf8 24. Rhf1 Rg5 25. Kd4 $18) 24. cxd4 Bxh1 25. Rxh1 b5
26. Bf3 {[%cal Gh5h7,Gg4g6] A pair of passed pawns with some help from rook
and bishop decide the game in white's favor.} Rab8 27. h6 b4 28. h7 Rgd8 29.
Be2 Rdc8 (29... b3 30. cxb3 cxb3 31. axb3 Rxb3+ 32. Bd3 Rbb8 33. g5 Kf7 34.
Rf1+ Kg7 35. Rf6 $18) 30. Bxc4 $1 $18 {[%cal Gh7h8]} Rxc4 31. h8=Q Rxh8 32.
Rxh8 a5 33. Ra8 Rc3+ 34. Kf4 (34. Ke4 $5) 34... Rc4 35. Rxa5 Rxd4+ 36. Kg5 Rc4
37. Ra7+ Kd8 38. Kh5 Rxc2 39. g5 Ke8 40. Kg6 Rf2 41. Kg7 Rf5 42. g6 Rf2 43. Kh6
Kf8 44. g7+ Kg8 45. Ra8+ 1-0

[Event "Budapest FS12 GM-A"]
[Site "Budapest"]
[Date "2001.12.03"]
[Round "3"]
[White "Horvath, Adam"]
[Black "Czebe, Attila"]
[Result "0-1"]
[WhiteElo "2490"]
[BlackElo "2491"]
[Annotator "Finkel,A"]
[PlyCount "72"]
[EventDate "2001.11.01"]
[EventType "tourn"]
[EventRounds "13"]
[EventCountry "HUN"]
[EventCategory "10"]
[SourceTitle "CBM 087"]
[Source "ChessBase"]
[SourceDate "2002.03.21"]
[SourceVersion "1"]
[SourceVersionDate "2002.03.21"]
[SourceQuality "1"]

1. e4 e6 2. d4 d5 3. Nc3 Nf6 4. Bg5 Bb4 5. e5 h6 6. Bd2 Bxc3 7. bxc3 Ne4 8. Qg4
Kf8 9. Bd3 Nxd2 10. Kxd2 c5 11. Nf3 c4 $5 {One of the most crucial
continuations in ths line: black closes the center leaving white with
attacking chanses on the kingside while black tries to create counterplay on
the queenside pushing the b-pawn forward.} (11... Qa5 12. Qf4 Nc6 13. dxc5 Qxc5
14. Nd4 Nxd4 15. Qxd4 Qxd4 16. cxd4 Bd7 17. Rhb1 $14 {Brynell,S-Bagirov,V/
Leningrad 1989/CBM 14}) (11... Nc6 12. Qf4 Qe7 13. a3 Bd7 14. Rhb1 b6 15. Qe3
Na5 $1 $132 {Anand,V-Ivanchuk,V/Linares 1992/CBM 31}) 12. Be2 Nc6 13. a4 (13.
h4 b5 (13... Bd7 14. h5 b5 15. Rh3 a5 16. Rg3 Rg8 17. Nh4 b4 18. cxb4 axb4 $17
{Allemann,A-Moor,R/Baden 2000/EXT 2001}) (13... Rb8 14. Qf4 b5 15. a3 a5 16.
Qe3 Qe7 17. Rhb1 Bd7 18. g4 Be8 19. h5 f6 $13 {Khan,A-Marinello,B/USA 1993/EXT
98}) 14. a3 Bd7 15. h5 a5 16. Rhb1 Rb8 17. Qf4 Ke7 18. g4 Qf8 19. Qe3 $14 {
Christiansen,L-Kortschnoj,V/Reykjavik 2000/CBM 75}) 13... Bd7 14. h4 a6 15.
Rhb1 ({More flexible looks} 15. Qf4 b5 16. g4 b4 17. cxb4 Nxb4 18. c3 Nc6 19.
Rhb1 Rb8 20. Bd1 $14 {and white is clearly better: Short,N-Morozevich,A/
Germany 1998/GER-chT}) 15... Rb8 16. Qf4 b5 17. axb5 axb5 18. g4 Kg8 19. h5 Qe7
20. Qe3 b4 $5 {Only this move appears to be a novelty! In the previous game
black tried} (20... Kh7 $2 21. g5 Rhc8 22. gxh6 gxh6 23. Nh2 $16 {[%cal Gh2g4,
Gg4f6] and found himself in troubles: Madl,I-Goczo,M/Ostrava 1999/CBM 70}) 21.
cxb4 Rxb4 22. c3 ({It seems that it was better to keep the rook on the a-file:
} 22. Rxb4 $5 Qxb4+ 23. Qc3 Qxc3+ (23... Qe7 24. Qa3 Qd8 25. Qd6 $14) 24. Kxc3
Kh7 25. Nh4 Rb8 26. f4 Kg8 27. g5 $14 {with better prospects to white.}) 22...
Rxb1 23. Rxb1 Qa3 24. Bd1 Kf8 25. g5 (25. Bc2 $5) 25... Qa2+ 26. Bc2 Na5 27.
Rb8+ Be8 28. Ne1 $2 {This natural move turns to be decisive mistake!} (28. gxh6
Nb3+ 29. Kd1 Rxh6 30. Qg5 Qa1+ 31. Ke2 Qxc3 32. Qd8 Qxc2+ 33. Kf1 Nd2+ $1 {
[%csl Re8][%cal Gc2a4]} 34. Nxd2 Qa4 35. Qd6+ Kg8 36. Qe7 Qd1+ 37. Kg2 Qg4+ 38.
Kf1 Rxh5 39. Qxe8+ Kh7 $19 {[%cal Gh5h1]}) (28. g6 $13) 28... Nb3+ 29. Kd1 Qa7
$1 {[%csl Rb8,Rg5]} 30. Rc8 Qb7 31. Rd8 Qe7 $19 {[%cal Ge7d8,Ge7g5] White has
to give up an exchange or a pawn on g5, in both cases his chanse to survive
are minimal.} 32. Rxe8+ Kxe8 33. g6 fxg6 34. Bxg6+ Kd7 35. f4 Ra8 36. Qg3 Qa3
0-1

[Event "RUS-ch"]
[Site "Krasnodar"]
[Date "2002.08.27"]
[Round "1"]
[White "Jakovenko, Dmitrij"]
[Black "Maiorov, Oleg Ivanovich"]
[Result "0-1"]
[WhiteElo "2552"]
[BlackElo "2458"]
[Annotator "Finkel,A"]
[PlyCount "128"]
[EventDate "2002.08.27"]
[EventType "swiss"]
[EventRounds "9"]
[EventCountry "RUS"]
[SourceTitle "CBM 091"]
[Source "ChessBase"]
[SourceDate "2002.11.12"]
[SourceVersion "1"]
[SourceVersionDate "2002.11.12"]
[SourceQuality "1"]

1. e4 e6 2. d4 d5 3. Nc3 Nf6 4. Bg5 Bb4 5. e5 h6 6. Bd2 Bxc3 7. bxc3 Ne4 8. Qg4
Kf8 (8... g6) 9. Bd3 (9. h4 $5) 9... Nxd2 10. Kxd2 c5 11. Nf3 c4 (11... Nc6 12.
Qf4 Qe7 13. a3 Bd7 14. Rhb1 b6 15. Qe3 Na5 $1 $15 {Anand,V-Ivanchuk,V/Linares
1992}) 12. Be2 b5 (12... Nd7 13. h4 b5 14. Qf4 Nb6 15. a3 Na4 16. Rhb1 Rb8 17.
g4 a5 18. g5 $16 {Fuchs,R-Barczay,L/Berlin-Ost 1968}) (12... Nc6 13. a4 Bd7 14.
h4 Rb8 (14... a6 15. Qf4 b5 16. g4 b4 17. cxb4 Nxb4 $13 {Short,N-Morozevich,A/
Germany 1998}) 15. h5 a6 16. Qf4 b5 17. axb5 axb5 18. Rhb1 Qe7 19. Qe3 Kg8 20.
g4 Kh7 21. g5 Rhc8 22. gxh6 gxh6 23. Nh2 $16 {Madl,I-Goczo,M/Ostrava 1999}) 13.
Rhb1 $5 {First of all white prevents black's counterplay on the queenside.} (
13. h4 Nc6 14. a4 (14. a3 Bd7 15. h5 a5 16. Rhb1 Rb8 17. Qf4 Ke7 18. g4 Qf8 19.
Qe3 Kd8 20. Ne1 Kc7 21. f4 $14 {Christiansen,L-Kortschnoj,V/Reykjavik 2000})
14... bxa4 15. Rxa4 Rb8 16. h5 Bd7 17. Ra3 Kg8 18. Qf4 Be8 19. g4 f6 20. Qg3
Rb7 21. Ra6 Kh7 22. exf6 gxf6 23. Nh4 $36 {Heyne,M-Sellmayer,J/Bayern 1996})
13... Bd7 14. Qf4 Qe7 15. a3 a5 16. h4 Ke8 17. g4 Ra7 18. h5 (18. g5 $5 h5 19.
g6 $1 fxg6 20. Rg1 Rh6 21. Rg3 Kd8 22. Ng5 Be8 23. Bf1 Nd7 24. Bh3 Ra6 $13)
18... Rb7 19. g5 hxg5 20. Nxg5 Nc6 21. Rg1 {Rook is coming back to the
kingside.} Qf8 22. Qg3 Ne7 23. Nh3 (23. Bg4 $5 Nf5 24. Bxf5 exf5 25. Rh1 $14)
23... Nf5 24. Qg2 Kd8 25. Bg4 Ne7 (25... Nh6 26. Be2 Nf5 27. f4 Bc6 28. Ng5 Qe7
29. Bg4 Nh6 30. Bh3 $14) 26. Ng5 Rb6 27. f4 f5 28. Be2 Be8 29. Rgb1 {Time to
get back to the queenside.} Rh6 (29... Bxh5 $2 30. Rxb5 $1 $18 {[%csl Re6]})
30. a4 $1 b4 31. cxb4 axb4 32. a5 {White pawn is not so easy to stop.} Rb5 {
[%csl Gd5]} (32... Rb8 $6 33. a6 Nc6 34. Nxe6+ Rxe6 35. Qxd5+ Bd7 36. Bxc4 $18)
33. a6 Bc6 34. a7 Kd7 $8 (34... Ba8 35. Bxc4 $18) 35. a8=Q $5 (35. Ra6 $1 $16 {
[%cal Ga6d6]}) 35... Bxa8 36. Bxc4 Rb6 37. Be2 Qc8 38. Rb3 Ke8 39. Nh3 Rh7 40.
Nf2 Bb7 41. Ra4 Rc6 $5 {Sacrificng an exchange to get some counterchances.} 42.
Bb5 $18 (42. Bd1 $5 $18) 42... Kf8 43. Bxc6 Nxc6 44. c3 Ba6 $1 45. cxb4 Bb5 46.
Ra1 Nxd4 47. Rc3 Qb8 48. Rac1 {[%cal Gc3c8]} Be8 49. Nd3 Rxh5 50. Ke1 $1 Rh2
51. Qg3 Qb6 52. Kf1 Rh1+ 53. Kg2 Rh6 54. Qe3 Bh5 55. Rc8+ Kf7 56. R8c6 Bf3+ 57.
Qxf3 $2 {Suddenly white loses a thread and makes a losing move, while after} (
57. Kg3 $1 Rg6+ 58. Kf2 Rg2+ 59. Kf1 $18 {black may just resign!}) 57... Nxc6
58. Qf2 Rg6+ 59. Kf1 Qa6 $19 60. Qc2 Rg3 61. Kf2 Rxd3 62. Qxc6 Rd2+ {[%csl Rc6]
} 63. Kg1 Rd1+ 64. Kf2 Qf1+ 0-1